| 000 | 00435nam a22001577a 4500 | ||
|---|---|---|---|
| 999 |
_c15337 _d15337 |
||
| 082 |
_a631.56 _bANA/LO |
||
| 100 |
_aANAND BOSE, D _93001 |
||
| 245 | _aLow cost passive water heating | ||
| 260 |
_aTavanur _bKelappaji College of Agricultural Engineering and Technology _c1991 |
||
| 300 | _a27 | ||
| 500 | _aproject report | ||
| 520 | _aproject report | ||
| 650 |
_aproject report _92985 |
||
| 700 |
_aJose Ferdinand _93005 |
||
| 942 | _cPR | ||